000 00663nam a2200181Ia 4500
008 100920s9999 xx 000 0 und d
082 _b106945
_a24 न 08
100 _aगाडे सोपान.
245 _aमहाराष्ट्रातील महिलाराज.
260 _bअविष्कार प्रकाशन,पुणे.
_c2008
300 _a216
_bसाधी
365 _b220
520 _aसायो.
630 _aमहाराष्ट्रातील महिलाराज.
650 _aसायो.
730 _aमहाराष्ट्रातील महिलाराज.
942 _cBOOK
999 _c747369
_d747366